000 00818cam a2200241u 4500
001 9890
003 BD-RjUL
005 20211208234846.0
008 140122s1938 sz iiii 000 0 eng
035 _a(BD-RjUL)9935
040 _aDLC
_cCarP
_dDLC
_dBD-RjUL
_beng
041 _aeng
082 _a385
_bORG
110 2 _aLeague of Nations.
_bCommunications and Transit Organization. [from old catalog]
_930655
245 1 0 _aOrganisation for Communications and Transit :
_bCo-ordination of transport. Results of an enquiry addressed to governments /
260 _aGeneva:
_bLeague of nations,
_c1938.
300 _a348 p. ;
_c34 cm.
490 1 _aLeague of nations publications
650 0 _aTransportation
_xLaw and legislation.
_930556
942 _2ddc
_cBK
999 _c9890
_d9890